000 00907cam a2200313 a 4500
001 22829
003 SK-KTurca
005 20260429100626.0
008 240318s2009 xo g 000 f slo
015 _aSNBA2009/12-05755
020 _a9788089420018
_q(viaz.)
035 _aFE72120F-7E28-41FD-A563-2612DDC38A5C
035 _aurn:nbn:sk:snk-amk24n
035 _aurn:nbn:sk:snk-am0086mc
040 _aTOTK
_bslo
_cTOTK
_dSNK
_eAACR2
041 0 _aslo
044 _axo
_cSK
072 7 _a821.162.4-3
_xSlovenská próza
_2konspekt
080 _a821.162.4-31
_22001
100 1 _aBelanová, Gaba
_4aut
245 1 0 _aMilenka pána prezidenta
_cGaba Belanová
250 _a[1. vyd.]
260 _aBratislava
_bEdipross
_c2009
300 _a194 s.
_c22 cm
655 7 _aslovenské romány
_2SNKPH
942 _2ddc
_cKLDO
_n0
980 _a821.162.4-31
999 _c22829
_d22829